Регионална библиотека "Любен Каравелов" - Русе

Четиво по средна история (Запис номер 431978)

MARC детайли
000 -Лидер
Контролно поле с фиксирана дължина nam a22 a 4500
003 - Код на организацията, давaща контролен номер
Контролно поле BLK
005 - Дата и час на последна редакция
Контролно поле 20210915163756.0
008 - Елементи от данни с фиксирана дължина
fixed length control field 190212b bu ||||| |||| 00| 0 bu d
040 ## - Източник на каталожния запис
Идентификатор на билиотеката - собственик на записа BLK
041 ## - Код за език
Код за езика на текст/звукозапис или на отделно заглавие Български
Код за езика КДБФ Български
080 ## - УДК
Текстов определител УДК Средновековна и нова обща история
УДК код - определител по УДК 94
УДК - код + определител 94
139 ## - Редно поле
Редна дума Четиво по средна история
245 ## - Сведения за заглавието
Заглавие Четиво по средна история
Подзаглавни данни Кн. 1 -
Редно поле (дума) състав. неколцина рус. преподаватели ; под ред. на П. Г. Виноградов ; понаши Н. А. Начов
Том Кн. 1.
Заглавие на том 1897
260 ## - Област на издателските данни
9 (RLIN) 209596
Място на издаване, разпространение и проч. Пловдив
Име на издателя, разпространителя и проч. Христо Г. Данов
Година на издаване 1897
300 ## - Физическа характеристика
Размери/Мащаб 23 см
380 ## - Жанр
Жанр История
490 ## - СЕРИИ (Колекции)
9 (RLIN) 435080
Име на серия Колекция Редки и ценни издания
650 #0 - Допълнително описание по предмет – тема
9 (RLIN) 241743
Основно описание – тема или топоним Европа - история, средни векове
700 ## - Други автори (авторска отговорност)
9 (RLIN) 871
Лично име Виноградов, Павел Гаврилович
Автороска отговорност (Описва отношението между автора и произведението) под ред. на
700 1# - Други автори (авторска отговорност)
9 (RLIN) 100955
Лично име Начов, Начо Анастасов
760 ## - Описание на основната серия
Място на издаване, издател и година Пловдив, 1897
Страници - том XXIII, 454 с.
Част - том Кн. 1
Заглавие 1897
852 ## - Местоположение
Форматна сигнатура Рб 897
Фондова буква Редки и ценни
999 ## - СИСТЕМНИ КОНТРОЛНИ НОМЕРА
Koha biblionumber 431978
Koha biblioitemnumber 431978
942 ## - АРТИКУЛИ
Вид на библиотечния материал Книги
Скрит в OPAC Не
Периодичен библиозапис Да
944 ## - СЪЗДАВАНЕ И РЕДАКЦИЯ на ЗАПИСА
Служител, извършил регистрацията/редакцията ВК
Дата на регистрацията/редакция 2021-09-15
999 ## - СИСТЕМНИ КОНТРОЛНИ НОМЕРА
Koha biblioitemnumber 328925
999 ## - СИСТЕМНИ КОНТРОЛНИ НОМЕРА
Koha biblioitemnumber 328925
Наличности
Код за отписване Код за изгубен артикул Източник на класификационната схема Код за повреда Коз за рестрикции Код за отдаване Артикулен № Име на библиотеката - собственик Име на библиотеката, в която се намира в момента Статус (Текущо местоположение) Дата на вписване в системата Местоположение - отдел Цена в лева Инвентарен номер Систематично азбучна сигнатура Баркод Цена в евро Служебен тип на артикула
  Не е изгубен Universal Decimal Classification Не е повреден само за читалня Специални фондове ( старопечатни, редки и ценни, фонд М. Арнаудов) 853987 Регионална библиотека "Любен Каравелов" Русе Регионална библиотека "Любен Каравелов" Русе Редки и ценни 2021-09-21 Редки и ценни 0.90 8553/58 Рб 897 900000078551 0.46 Книги
Vip Innovations Ltd, Rousse, Bulgaria 2025